[Event "TCh-BEL 2014-15"]
[Site "Belgium BEL"]
[Date "2014.09.28"]
[Round "1.7"]
[White "De Ruiter,D"]
[Black "Veltkamp,G"]
[Result "0-1"]
[WhiteElo "2231"]
[BlackElo "2171"]

1.d4 d5 2.c4 dxc4 3.e4 Nc6 4.Nf3 Bg4 5.Be3 Nf6 6.Nc3 e6 7.Qa4 Nd7 8.Qxc4 Nb6
9.Qd3 Qf6 10.Be2 O-O-O 11.Bg5 Rxd4 12.Nxd4 Bxe2 13.Bxf6 Bxd3 14.Nxc6 gxf6
15.Rd1 bxc6 16.Rxd3 Nc4 17.b3 Ne5 18.Rh3 h5 19.O-O h4 20.Ne2 Bc5 21.Nf4 Rd8
22.Rxh4 Rd2 23.Rh8+ Kd7 24.h4 Bd4 25.Rg8 f5 26.exf5 exf5 27.Rg3 c5 28.h5 Ng4
29.Nh3 Be5 30.Rf3 Nh2 31.Rxf5 Nxf1 32.Kxf1 Ke6 33.g4 f6 34.h6 Kf7 35.Rh5 Kg8
36.f4 Bd4 37.g5 fxg5 38.h7+ Kh8 39.fxg5 Rxa2 40.g6 Rh2 41.Rd5 Kg7 42.Rh5 Kh8
43.Ke1 a5 44.Nf4 Rxh5 45.Nxh5 c4 46.Kd1 cxb3 47.Ng3 a4 48.Nf5 Bf6  0-1

[Event "World Youth Girls U18 2014"]
[Site "Durban RSA"]
[Date "2014.09.29"]
[Round "11.5"]
[White "Ren,Xiaoyi"]
[Black "Velikic,A"]
[Result "0-1"]
[WhiteElo "2134"]
[BlackElo "2175"]

1.d4 d5 2.c4 dxc4 3.e4 e5 4.d5 Nf6 5.Nc3 c6 6.Bg5 Bb4 7.Bxf6 Qxf6 8.Bxc4 O-O
9.Ne2 Nd7 10.O-O Nb6 11.Bb3 Rd8 12.Rc1 Bg4 13.f3 Be6 14.Kh1 Rd6 15.a3 Bxc3
16.Nxc3 Rad8 17.Qe2 Bc8 18.f4 R6d7 19.Qh5 exf4 20.e5 Qg6 21.Qxg6 hxg6 22.d6 Re8
23.Rce1 Rdd8 24.Rxf4 Be6 25.Bxe6 Rxe6 26.Rfe4 Rde8 27.Kg1 Nd7 28.Rb4 b6 29.Ra4 a5
30.Rc4 Nxe5 31.Rxe5 Rxe5 32.Rxc6 Rd8 33.Rxb6 Re6 34.Nb5 Re1+ 35.Kf2 Rb1 36.Nc3 Rc1
37.Kf3 Kf8 38.h4 Ke8 39.Nb5 Rc2 40.b4 axb4 41.axb4 Rc4 42.g3 Kf8 43.Na7 Rd4
44.Nc6 R4xd6 45.b5 Rc8 46.Rb7 Rd3+ 47.Kf4 Rb3 48.Ne5 Rb4+ 49.Kf3 Rc3+ 50.Kg2 Rb2+
51.Kh3 Rbb3 52.Rxf7+ Kg8 53.Rf4 Rxg3+ 54.Kh2 Rge3 55.Ng4 Re2+ 56.Nf2 Rxb5
57.Kg3 Rf5 58.Rf3 Kf7 59.Nh3 Rxf3+ 60.Kxf3 Ra2 61.Kg4 Kf6 62.Ng5 Ra4+ 63.Kg3 Kf5
64.Nf3 Ra3 65.Kg2 Kf4 66.Ng5 Kg4 67.Ne4 Kxh4  0-1

[Event "4NCL Rapid Team 2014"]
[Site "Daventry ENG"]
[Date "2014.10.04"]
[Round "2.1"]
[White "Rogers,Jo"]
[Black "Batchelor,Guy J"]
[Result "0-1"]
[WhiteElo "2297"]
[BlackElo "1857"]

1.d4 d5 2.c4 dxc4 3.e4 b5 4.a4 c6 5.Nc3 a6 6.axb5 cxb5 7.Nxb5 axb5 8.Rxa8 Bb7
9.Ra1 Bxe4 10.Nf3 Nf6 11.Bd2 e6 12.b3 Bd6 13.bxc4 bxc4 14.Bxc4 O-O 15.Qe2 Nc6
16.Bc3 Qc7 17.Rc1 Bf4 18.Rd1 Na5 19.Bxa5 Qxa5+ 20.Kf1 Qa8 21.Bd3 Bd5 22.Ne1 Ne4
23.Bxe4 Bxe4 24.f3 Bb7 25.Nd3 Bd6 26.Nc5 Bxc5 27.dxc5 Ba6 28.Rd3 Bxd3 29.Qxd3 Qa1+
30.Kf2 Qxh1 31.Qc3 Ra8 32.c6 Ra2+ 33.Ke3 Qg1+ 34.Kd3 Qf1+ 35.Ke3 Qe2+ 36.Kd4 Rd2+
37.Kc5 Qf2+ 38.Kb5 Rb2+ 39.Ka4 Qa7+ 40.Qa5 Ra2+  0-1

[Event "TCh-POL Ekstraliga 2014"]
[Site "Katowice POL"]
[Date "2014.10.05"]
[Round "9.2"]
[White "Jaracz,P"]
[Black "Bartel,Mi"]
[Result "1/2-1/2"]
[WhiteElo "2496"]
[BlackElo "2305"]

1.d4 d5 2.c4 dxc4 3.e4 Nf6 4.e5 Nd5 5.Bxc4 Nb6 6.Bd3 Nc6 7.Ne2 Bg4 8.f3 Be6
9.Nbc3 Bd5 10.O-O e6 11.a3 Qd7 12.Qc2 O-O-O 13.Be3 f6 14.exf6 gxf6 15.b4 Kb8
16.Ne4 Qg7 17.b5 Ne7 18.Nc5 Ng6 19.a4 Bd6 20.a5 Nc8 21.Be4 Rdg8 22.a6 Ne5
23.g3 Nc4 24.axb7 Bxc5 25.bxc8=Q+ Kxc8 26.Bf2 Bb6 27.Nf4 Qg5 28.Kh1 Bxe4
29.fxe4 Nd6 30.Rxa7 Nxb5 31.Ra8+ Kb7 32.Rxg8 Rxg8 33.d5 exd5 34.Bxb6 cxb6
35.Rc1 Qe5 36.exd5 Re8 37.Qxh7+ Re7 38.Qd3 Nd4 39.Rd1 Nf5 40.Ng6 Qe4+ 41.Kg1 Qxd3
42.Rxd3 Re3 43.Nf4 Rxd3 44.Nxd3 Kc7 45.Kf2 Kd6  1/2-1/2

[Event "TCh-CRO Div 1a 2014"]
[Site "Bol CRO"]
[Date "2014.10.08"]
[Round "5.3"]
[White "Zaja,I"]
[Black "Leventic,I"]
[Result "0-1"]
[WhiteElo "2481"]
[BlackElo "2454"]

1.d4 d5 2.c4 dxc4 3.e4 c5 4.d5 Nf6 5.Nc3 b5 6.e5 b4 7.exf6 bxc3 8.bxc3 exf6
9.Bxc4 Bd6 10.Bb5+ Nd7 11.Qe2+ Qe7 12.Qxe7+ Kxe7 13.Nf3 Rb8 14.Bc6 Ba6 15.Ba3 Kd8
16.Kd2 Kc7 17.Kc2 Rhe8 18.Rhe1 h6 19.g3 f5 20.Nh4 g6 21.f4 Re4 22.Nf3 Rbe8
23.Rxe4 fxe4 24.Ne1 Re7 25.Ng2 e3 26.Re1 e2 27.Bxd7 Kxd7 28.Kd2 Re4 29.Bb2 Bc7
30.Ne3 f5 31.Ng2 g5 32.h4 gxf4 33.gxf4 Bxf4+ 34.Nxf4 Rxf4 35.c4 Bxc4 36.Be5 Rf1  0-1

[Event "18th Copa Mercosur 2014"]
[Site "Buenos Aires ARG"]
[Date "2014.10.09"]
[Round "4.3"]
[White "Krysa,L"]
[Black "Slipak,S"]
[Result "1/2-1/2"]
[WhiteElo "2446"]
[BlackElo "2420"]

1.d4 d5 2.c4 dxc4 3.e4 a6 4.Bxc4 c5 5.Nf3 cxd4 6.O-O Nc6 7.Bf4 e6 8.e5 Nge7
9.Nbd2 Ng6 10.Bg3 Be7 11.Bd3 O-O 12.h4 f5 13.exf6 Bxf6 14.Qb1 e5 15.h5 Nf4
16.Bxh7+ Kh8  1/2-1/2

[Event "TCh-Moscow 2014"]
[Site "Moscow RUS"]
[Date "2014.10.09"]
[Round "8.1"]
[White "Gavrilov,Al1"]
[Black "Dragomarezkij,E"]
[Result "1/2-1/2"]
[WhiteElo "2489"]
[BlackElo "2367"]

1.d4 d5 2.c4 dxc4 3.e4 e5 4.Nf3 Bb4+ 5.Nc3 exd4 6.Qxd4 Qxd4 7.Nxd4 Nf6 8.f3 Nbd7
9.Bxc4 Ne5 10.Be2 c6 11.Be3 O-O 12.O-O-O Re8 13.Kc2 Bd7 14.a3 Bf8 15.Rd2 Rad8
16.Rhd1 Bc8 17.Bg1 g5 18.Be3 h6 19.Bf2 Ng6 20.Bf1 g4 21.Nf5 Rxd2+ 22.Rxd2 gxf3
23.gxf3 Bxf5 24.exf5 Ne5 25.Bxa7 Nxf3 26.Rf2 Ne5 27.Bd4 Bd6 28.Re2 Kf8 29.Ne4 Nxe4
30.Rxe4 Kg7 31.Bc3 Kf6 32.Bd3 Rg8 33.Rd4 Rg2+ 34.Kb3 Ke7 35.f6+ Ke6 36.Bb1 Rxh2
37.Ba2 b5 38.Bb1 Nc4 39.Bd3 Ne5 40.Bb1 Rf2 41.Rh4 Rxf6 42.Be4 Kd7 43.Rh5 Rf4
44.Bf5+ Kc7 45.Bc2 Ng4 46.Ka2 f6 47.Bd1 Be5 48.Bxe5+ Nxe5 49.Rxh6 Rf2 50.Kb1 Nd3
51.Bc2 Rf1+ 52.Ka2 Nc1+ 53.Kb1 c5 54.Be4 Nb3+ 55.Kc2 Nd4+ 56.Kd3 Kd6 57.Rh8 f5
58.Ba8 Ne6 59.Rb8 Rd1+ 60.Kc3 Nd4 61.b4 Rc1+ 62.Kd3 Rd1+ 63.Kc3 cxb4+ 64.axb4 Ke5
65.Re8+ Kf4 66.Bb7 Kg3 67.Rg8+ Kf2 68.Rf8 Ke3 69.Re8+ Kf4 70.Re7 Nf3 71.Bxf3 Kxf3
72.Re5 f4 73.Rxb5 Ke4 74.Rb8 f3 75.Re8+ Kf4 76.Rf8+ Kg3 77.Rg8+ Kh2 78.Rh8+ Kg1
79.Rg8+ Kf1 80.b5 f2 81.Kc4 Ke2 82.Rf8 f1=Q 83.Rxf1 Rxf1 84.b6 Ke3 85.Kd5  1/2-1/2

[Event "PokerStars IoM Masters 2014"]
[Site "Douglas ENG"]
[Date "2014.10.11"]
[Round "8.11"]
[White "Greenfeld,A"]
[Black "Mannion,Stephen R"]
[Result "1-0"]
[WhiteElo "2542"]
[BlackElo "2347"]

1.d4 d5 2.c4 dxc4 3.e4 e5 4.Nf3 exd4 5.Bxc4 Nc6 6.O-O Be6 7.Bb5 Bc5 8.Nbd2 Ne7
9.Ng5 Qd7 10.Ndf3 Ng6 11.b4 Bb6 12.Nxe6 fxe6 13.Ng5 h6 14.Qh5 hxg5 15.Qxg6+ Qf7
16.Qxg5 Rh5 17.Bxc6+ bxc6 18.Qg3 a5 19.Rb1 Kd7 20.a3 axb4 21.axb4 Rb5 22.Bd2 Ra2
23.Rfd1 Qf6 24.Rbc1 Rh5 25.h3 g6 26.Rc4 e5 27.Qb3 Ra8 28.b5 c5 29.Rxc5 Bxc5
30.Qd5+ Ke7 31.Qxa8 Rh8 32.Qd5 Bd6 33.Rc1 Rb8 34.Bb4 Bxb4 35.Rxc7+ Kf8 36.b6 Rd8
37.b7 Ba5 38.Qxd8+ Qxd8 39.Rc8  1-0

[Event "TCh-FIN 2014-15"]
[Site "Finland FIN"]
[Date "2014.10.18"]
[Round "3.2"]
[White "Maki Uuro,Mi"]
[Black "Westerinen,H"]
[Result "1/2-1/2"]
[WhiteElo "2330"]
[BlackElo "2317"]

1.d4 d5 2.c4 dxc4 3.e4 Nc6 4.Nf3 Bg4 5.Bxc4 e6 6.Be3 Nf6 7.Nc3 Bb4 8.Qd3 O-O
9.Bb5 Bxf3 10.gxf3 e5 11.Bxc6 bxc6 12.O-O-O exd4 13.Bxd4 c5 14.Bxf6 Qxf6
15.Nd5 Qh6+ 16.Qe3 Qxe3+ 17.Nxe3 Ba5 18.Nc4 Bb6 19.Rd7 Rfe8 20.Rhd1 Kf8 21.a4 a5
22.R1d5 Re6 23.Rf5 Re7 24.Rxe7 Kxe7 25.Rd5 Ra6 26.Kd2 Ba7 27.h4 Rf6 28.Ke2 Bb6
29.Re5+ Kd7 30.Rd5+ Ke7 31.Re5+ Kd7 32.Rd5+  1/2-1/2

[Event "Chigorin Memorial 2014"]
[Site "St Petersburg RUS"]
[Date "2014.10.18"]
[Round "1.93"]
[White "Pustovidko,Anastasia"]
[Black "Zubritskiy,A"]
[Result "0-1"]
[WhiteElo "1955"]
[BlackElo "2360"]

1.d4 d5 2.c4 dxc4 3.e4 c5 4.d5 e6 5.Bxc4 Nf6 6.Nc3 exd5 7.Nxd5 Nxd5 8.Qxd5 Qxd5
9.Bxd5 Na6 10.e5 Nb4 11.Be4 Be6 12.a3 Bd5 13.Bxd5 Nxd5 14.Bg5 h6 15.Bd2 O-O-O
16.O-O-O c4 17.Nh3 Bc5 18.Rhe1 Rhe8 19.f4 Rd7 20.Re4 b5 21.f5 Red8 22.Ba5 Ne3
23.Rxd7 Rxd7 24.Bd2 Nxf5 25.Nf4 Nd4 26.Bc3 Ne6 27.Nh5 Kb7 28.Ng3 Kb6 29.Nf5 a5
30.Rg4 g6 31.Ng3 h5 32.Re4 b4 33.axb4 axb4 34.Bd2 Nd4 35.Nf1 Kb5 36.Kb1 Nb3
37.Kc2 Rd4 38.Re2 Rd3 39.Re4 Nxd2 40.Nxd2 b3+ 41.Kd1 Be3  0-1

[Event "Chigorin Memorial 2014"]
[Site "St Petersburg RUS"]
[Date "2014.10.26"]
[Round "9.27"]
[White "Zontakh,A"]
[Black "Zubritskiy,A"]
[Result "0-1"]
[WhiteElo "2539"]
[BlackElo "2360"]

1.d4 d5 2.c4 dxc4 3.e4 Nf6 4.e5 Nd5 5.Bxc4 Nb6 6.Bd3 Nc6 7.Be3 Nb4 8.Be4 f5
9.exf6 exf6 10.Nc3 f5 11.Bf3 N4d5 12.Bd2 Be6 13.Nge2 Qd7 14.O-O O-O-O 15.a4 a6
16.Re1 Be7 17.Nf4 Nxf4 18.Bxf4 Rhe8 19.a5 Nd5 20.Qb3 Bg8 21.Rac1 Nb4 22.Na4 Bxb3
23.Nb6+ Kb8 24.Nxd7+ Rxd7  0-1

[Event "Chigorin Memorial 2014"]
[Site "St Petersburg RUS"]
[Date "2014.10.26"]
[Round "9.14"]
[White "Lintchevski,D"]
[Black "Alekseenko,K"]
[Result "1/2-1/2"]
[WhiteElo "2555"]
[BlackElo "2483"]

1.d4 d5 2.c4 dxc4 3.e4 Nc6 4.Nf3 Bg4 5.d5 Ne5 6.Bf4 Ng6 7.Be3 e5 8.Bxc4 Bd6
9.Bb5+ Bd7 10.Qa4 Nf6 11.Nbd2 O-O 12.Bxd7 Nxd7 13.O-O h6 14.Rac1 Kh8 15.Rfd1 Ne7
16.Qb3 f5 17.exf5 Nxf5 18.Ne4 Nf6 19.Nfd2 b6 20.Qd3 Qd7 21.Nxf6 gxf6 22.Kh1 Rg8
23.Ne4 Raf8 24.Ng3 Nxg3+ 25.fxg3 h5 26.Rf1 f5 27.Rf2 Rg4 28.Rcf1 e4 29.Qe2 Qh7
30.Bf4 Qg6 31.Bxd6 cxd6 32.Rf4 Rxf4 33.Rxf4 Rc8 34.Rf1 Kg7 35.Kg1 Rc5 36.Qd2 Qf6
37.h3 Rc4 38.g4 hxg4 39.hxg4 Qd4+ 40.Qxd4+ Rxd4 41.gxf5 Kf6 42.Rf4 Rd1+ 43.Kf2 Rd2+
44.Kf1 e3 45.Rf3 Rxd5 46.Rxe3 Kxf5 47.Ke2 Ra5 48.a3 Rc5 49.Kd2 Kf6 50.Rf3+ Ke6
51.Re3+ Kf6 52.Kd3 Rg5 53.g3 Rg4 54.Ke2 Rc4 55.Rc3 Rg4 56.Kf3 Rd4 57.Ke2 Rg4
58.Re3 Rc4 59.Kd2 Rg4 60.Rd3 Kf7 61.b4 a5 62.bxa5 bxa5  1/2-1/2

[Event "18th OIBM 2014"]
[Site "Bad Wiessee GER"]
[Date "2014.10.27"]
[Round "3.3"]
[White "Deglmann,L"]
[Black "Delchev,A"]
[Result "1-0"]
[WhiteElo "2340"]
[BlackElo "2633"]

1.d4 d5 2.c4 dxc4 3.e4 Nc6 4.Nf3 Bg4 5.Bxc4 e6 6.Bb5 Bb4+ 7.Nc3 Ne7 8.Be3 O-O
9.Qd3 a6 10.Bxc6 Nxc6 11.O-O-O Qe7 12.h3 Bh5 13.g4 Bg6 14.Ne2 Bd6 15.h4 Nb4
16.Qb1 c5 17.h5 Nxa2+ 18.Kd2 cxd4 19.Nexd4 e5 20.hxg6 exd4 21.Rxh7 dxe3+
22.Ke2 Qe6 23.Rh8+  1-0

[Event "18th OIBM 2014"]
[Site "Bad Wiessee GER"]
[Date "2014.10.30"]
[Round "6.1"]
[White "Bluebaum,M"]
[Black "Nisipeanu,LD"]
[Result "1/2-1/2"]
[WhiteElo "2530"]
[BlackElo "2665"]

1.d4 d5 2.c4 dxc4 3.e4 b5 4.a4 c6 5.axb5 cxb5 6.Nc3 a6 7.Nxb5 axb5 8.Rxa8 Bb7
9.Ra1 e6 10.f3 Nc6 11.Ne2 Na5 12.Be3 Nb3 13.Ra2 Bb4+ 14.Nc3 Ne7 15.Bd3 Nc6
16.d5 exd5 17.exd5 Qxd5 18.Be4 Qe5 19.O-O O-O  1/2-1/2

[Event "TCh-BEL 2014-15"]
[Site "Belgium BEL"]
[Date "2014.11.02"]
[Round "3.6"]
[White "Hammes,M"]
[Black "Kegels,P"]
[Result "1/2-1/2"]
[WhiteElo "2337"]
[BlackElo "2131"]

1.d4 d5 2.c4 dxc4 3.e4 Nf6 4.e5 Nd5 5.Bxc4 Nb6 6.Bd3 Nc6 7.Ne2 Bg4 8.Be3 e6
9.Nbc3 Nb4 10.Be4 c6 11.a3 N4d5 12.Qd3 Bh5 13.h4 Qd7 14.Ng3 Bg6 15.h5 Bxe4
16.Ncxe4 h6 17.O-O f5 18.exf6 gxf6 19.Bd2 O-O-O 20.Nc5 Qf7 21.Qe2 Nc7 22.Be3 Nbd5
23.Rfe1 Rg8 24.Qf3 f5 25.Nd3 Nxe3 26.Qxe3 Bg7 27.Ne5 Bxe5 28.Qxe5 Rg4 29.Ne2 Re4
30.Qh2 Qf6 31.Rad1 Rh4 32.Qe5 Qxe5 33.dxe5 Rxd1 34.Rxd1 Re4 35.Kf1 Rxe5 36.Rd3 Re4
37.Rg3 Rg4 38.Rxg4 fxg4 39.Kg1 Nd5 40.Kh2 e5 41.Ng3 Nf4 42.Nf5 Nxh5 43.Nxh6 Nf6
44.Nf7 Kd7 45.Nxe5+ Ke6 46.Nd3 Kd5 47.Kg3 Kd4 48.Nc1 c5 49.Kf4 c4 50.f3 gxf3
51.Kxf3 b5 52.Ke2 Ne4  1/2-1/2

[Event "TCh-ROU w 2014"]
[Site "Calimanesti-Caciulata ROU"]
[Date "2014.11.10"]
[Round "3.3"]
[White "Dragomirescu,An"]
[Black "Ionescu,I"]
[Result "1/2-1/2"]
[WhiteElo "2208"]
[BlackElo "2133"]

1.d4 d5 2.c4 dxc4 3.e4 Nf6 4.e5 Nd5 5.Bxc4 Nc6 6.Nf3 Bf5 7.O-O e6 8.Nc3 Nb6
9.Bb5 Qd7 10.Be3 a6 11.Be2 Be7 12.a3 O-O 13.b4 Nd5 14.Qb3 Nxc3 15.Qxc3 Rfd8
16.Rfd1 Bf8 17.Rac1 h6 18.Ne1 Be4 19.f3 Bd5 20.Nd3 Ne7 21.Bf2 Bc6 22.Nc5 Qe8
23.Bd3 Nd5 24.Qd2 Bxc5 25.Rxc5 b6 26.Rcc1 a5 27.Rb1 axb4 28.axb4 Bb5 29.Be4 Bc4
30.Ra1 Qb5 31.Be1 Ra4 32.Qc2 Rda8 33.Rxa4 Qxa4 34.Rc1 Qxc2 35.Rxc2  1/2-1/2

[Event "TCh-ROU w 2014"]
[Site "Calimanesti-Caciulata ROU"]
[Date "2014.11.10"]
[Round "3.3"]
[White "Atalik,E"]
[Black "Peptan,C"]
[Result "1/2-1/2"]
[WhiteElo "2409"]
[BlackElo "2418"]

1.d4 d5 2.c4 dxc4 3.e4 Nf6 4.e5 Nd5 5.Bxc4 Nc6 6.Nc3 Nb6 7.Bb5 Bd7 8.Nf3 e6
9.a3 Ne7 10.Bd3 Bc6 11.Be3 Ned5 12.O-O Qd7 13.Ng5 g6 14.Nge4 h6 15.b4 a6
16.Qb3 Bg7 17.Nc5 Qe7 18.N3e4 O-O 19.Rac1 Rfd8 20.a4 Nxe3 21.fxe3 Bd5 22.Qc2 Bxe4
23.Bxe4 c6 24.Rf3 Nd5 25.Bxd5 cxd5 26.a5 Rf8 27.Rcf1 Qc7 28.Qa4 Rad8 29.g4 Qe7
30.Qc2 Rc8 31.h3 Rc7 32.Qd3 Kh7 33.Kg2 Kg8 34.R1f2 Qe8 35.h4 Qd8 36.Kh3 Qe7
37.Rf4 Qe8 38.h5 g5 39.R4f3 Qc6 40.Rb2 Rfc8 41.b5 axb5 42.Rxb5 Qe8 43.Rxb7 Rxb7
44.Nxb7 Qa4 45.Nc5 Rxc5 46.dxc5 Bxe5 47.Rf2 Qxa5 48.c6 Qb4 49.Rxf7 Kxf7 50.Qg6+ Ke7
51.Qh7+ Ke8 52.Qg8+ Ke7 53.Qh7+ Ke8 54.Qg8+ Ke7  1/2-1/2

[Event "Intellectual Petersburg 2014"]
[Site "St Petersburg RUS"]
[Date "2014.11.10"]
[Round "1.5"]
[White "Iljin,T"]
[Black "Zubritskiy,A"]
[Result "1/2-1/2"]
[WhiteElo "2389"]
[BlackElo "2401"]

1.d4 d5 2.c4 dxc4 3.e4 Nf6 4.e5 Nd5 5.Bxc4 Nb6 6.Bd3 Nc6 7.Ne2 Bg4 8.f3 Be6
9.Nbc3 Qd7 10.Ne4 Nb4 11.Bb1 Bc4 12.Nc5 Bxe2 13.Kxe2 Qb5+ 14.Kf2 e6 15.a4 Qc6
16.Be4 N6d5 17.Nb3 a5 18.Bg5 h6 19.Bh4 Qb6 20.Re1 g5 21.Bg3 Be7 22.Kg1 O-O-O
23.Bf2 c6 24.Rc1 Kb8 25.Nd2 Qc7 26.Nc4 h5 27.g3  1/2-1/2

[Event "Tal Memorial Blitz 2014"]
[Site "Sochi RUS"]
[Date "2014.11.13"]
[Round "1.4"]
[White "Kramnik,V"]
[Black "Karjakin,Sergey"]
[Result "1-0"]
[WhiteElo "2760"]
[BlackElo "2770"]

1.d4 d5 2.c4 dxc4 3.e4 Nf6 4.e5 Nd5 5.Bxc4 Nb6 6.Bb3 Nc6 7.Ne2 Bf5 8.Nbc3 e6
9.O-O Qd7 10.Be3 O-O-O 11.Bc2 Bxc2 12.Qxc2 Kb8 13.a3 f6 14.Rfd1 Ne7 15.Nf4 Nbd5
16.Rac1 c6 17.exf6 gxf6 18.Ne4 Nxe3 19.fxe3 Nd5 20.Qf2 f5 21.Nxd5 exd5 22.Ng3 Bd6
23.Nxf5 Rdf8 24.Rf1 Bc7 25.Rce1 Rf6 26.Qc2 Rhf8 27.Ng3 Bxg3 28.hxg3 Qg7 29.Rxf6 Rxf6
30.Rf1 Rxf1+ 31.Kxf1 Qxg3 32.Qxh7 Qxe3 33.Qh2+ Kc8 34.Qh3+ Qxh3 35.gxh3 Kd7
36.Kf2 Ke6 37.Kf3 Kf5 38.h4 a5 39.b4 a4 40.Kg3 Ke4 41.Kg4 Kxd4 42.h5 Ke3
43.h6 d4 44.h7 d3 45.h8=Q d2 46.Qh1 Kd3 47.Qd1  1-0

[Event "Russian Cup Final 2014"]
[Site "Khanty-Mansiysk RUS"]
[Date "2014.11.20"]
[Round "2.2"]
[White "Goganov,A"]
[Black "Pridorozhni,A"]
[Result "1-0"]
[WhiteElo "2609"]
[BlackElo "2533"]

1.d4 d5 2.c4 dxc4 3.e4 Nc6 4.Nf3 Bg4 5.d5 Ne5 6.Bf4 Ng6 7.Be3 e5 8.Bxc4 Nh4
9.Rg1 a6 10.Nbd2 Ng6 11.Qb3 b5 12.Be2 Bd7 13.h4 h5 14.g3 Nf6 15.Ng5 Bd6 16.f3 Qe7
17.Kf2 O-O 18.Rac1 Rfc8 19.Rc2 c6 20.dxc6 Rxc6 21.Rxc6 Bxc6 22.Rc1 Bd7 23.Qd3 Nf8
24.Nb3 Ne6 25.Rd1 Bc7 26.a3 Rd8 27.Qc3 Bc8 28.Rc1 Ne8 29.Nxe6 Qxe6 30.Bf1 Bb6
31.Nc5 Bxc5 32.Qxc5 Bb7 33.Qa7 Rd7 34.Qb8 Kh7 35.Kg1 Nf6 36.Re1 Re7 37.Qd8 Rd7
38.Qb6 Qxb6 39.Bxb6 Rd2 40.Rc1 Rxb2 41.Rc7 Ba8 42.Bh3 Rb3 43.Bf5+ Kh6 44.Rxf7 Nh7
45.Kf2 Rb2+ 46.Ke1 Rb3 47.Kd2 b4 48.axb4  1-0

[Event "Baltic Zonal Vilnius 2014"]
[Site "Vilnius LTU"]
[Date "2014.11.20"]
[Round "3.6"]
[White "Ladva,O"]
[Black "Sulskis,S"]
[Result "0-1"]
[WhiteElo "2386"]
[BlackElo "2556"]

1.d4 d5 2.c4 dxc4 3.e4 Nf6 4.e5 Nd5 5.Bxc4 Nb6 6.Bd3 Nc6 7.Be3 Nb4 8.Be4 f5
9.exf6 exf6 10.Nc3 f5 11.Bf3 N4d5 12.Nxd5 Nxd5 13.Qb3 Be6 14.Qxb7 Rb8 15.Qc6+ Kf7
16.Nh3 Bb4+ 17.Kf1 h6 18.Bh5+ Kf6 19.Bf4 Nxf4 20.Nxf4 Rb6 21.Nxe6 Rxc6 22.Nxd8 Rxd8
23.g3 Rxd4 24.Rd1 Rxd1+ 25.Bxd1 Rd6 26.Be2 Rd2 27.a3 Bd6 28.b4 c5 29.bxc5 Bxc5
30.h4 Ra2 31.h5 Rxa3 32.Rh4 Ke5 33.Rc4 Bd4 34.Rc6 Ra1+ 35.Kg2 Ra2 36.Kf3 a5
37.Rc7 a4 38.Rxg7 Rd2 39.Kg2 a3 40.Bc4 Rxf2+ 41.Kh3 Rc2 42.Bb3 Rb2 43.Bg8 Bg1
44.Re7+ Kf6 45.Rf7+ Ke5 46.Re7+ Kd6 47.Re6+ Kd7 48.g4 fxg4+ 49.Kh4 Rg2  0-1

[Event "Dutch League 2014-15"]
[Site "Netherlands NED"]
[Date "2014.11.22"]
[Round "3.8"]
[White "Van der Heijden,T"]
[Black "Vedder,R"]
[Result "0-1"]
[WhiteElo "2295"]
[BlackElo "2286"]

1.d4 d5 2.c4 dxc4 3.e4 Nc6 4.Nf3 Bg4 5.d5 Ne5 6.Qd4 Nxf3+ 7.gxf3 Bxf3 8.Rg1 f5
9.Bxc4 Bxe4 10.Nc3 c6 11.Nxe4 fxe4 12.Rxg7 Nf6 13.Rg5 Qd6 14.Re5 b5 15.Bg5 Rg8
16.Bxf6 bxc4 17.O-O-O Qxf6 18.d6 Rg5 19.d7+ Kd8 20.Rxg5 Qxg5+ 21.Kb1 Qd5
22.Qxd5 cxd5 23.Rxd5 Rb8  0-1

[Event "Qatar Masters Open 2014"]
[Site "Doha QAT"]
[Date "2014.11.27"]
[Round "2.76"]
[White "Nezad,H"]
[Black "Mamedjarova,Z"]
[Result "1/2-1/2"]
[WhiteElo "2396"]
[BlackElo "2241"]

1.d4 d5 2.c4 dxc4 3.e4 Nc6 4.d5 Ne5 5.Bf4 Ng6 6.Be3 Nf6 7.Nc3 e6 8.Bxc4 exd5
9.exd5 Bd6 10.Nf3 O-O 11.O-O Ng4 12.Re1 Nxh2 13.Nxh2 Bxh2+ 14.Kxh2 Qh4+ 15.Kg1 Qxc4
16.Rc1 c6 17.b3 Qh4 18.dxc6 bxc6 19.Qd6 Be6 20.Red1 Rfc8 21.Rd4 Qh5 22.Ne4 Bd5
23.Ng3 Qe5 24.Qxe5 Nxe5 25.Nf5 Re8 26.Ra4 f6 27.Rxa7 Rxa7 28.Bxa7 Nd3 29.Ra1 Re2
30.Be3 Nb4 31.a4 Bxb3 32.Rb1 Bc2 33.Ne7+ Kf7 34.Rxb4 Kxe7 35.Rb7+ Ke6 36.a5 Re1+
37.Kh2 Ra1 38.Bb6 g5 39.Rc7 Kd6 40.Rf7 Ke6 41.Rc7 Kd6 42.Rf7 Ke6 43.Rc7 Ke5  1/2-1/2

[Event "8th Figueira da Foz Open"]
[Site "Figueira da Foz POR"]
[Date "2014.11.27"]
[Round "6.1"]
[White "Petkov,V"]
[Black "Romanishin,O"]
[Result "1-0"]
[WhiteElo "2527"]
[BlackElo "2487"]

1.d4 d5 2.c4 dxc4 3.e4 Nc6 4.Nf3 Bg4 5.d5 Ne5 6.Bf4 Ng6 7.Be3 e5 8.Bxc4 Nf6
9.Nc3 a6 10.Be2 Bd6 11.Nd2 Bd7 12.Nc4 Bb4 13.f3 b5 14.Nd2 O-O 15.O-O Ne8
16.Nb3 Be7 17.Qd2 Nd6 18.Rfc1 h6 19.Nc5 Bc8 20.Nd1 f5 21.a4 fxe4 22.fxe4 bxa4
23.Rxa4 Nf4 24.Bf1 Qe8 25.Nf2 Nf7 26.b3 Bd6 27.Kh1 Ng5 28.Nfd3 Rb8 29.Rac4 Qg6
30.Bxf4 exf4 31.e5 Bxc5 32.Nxc5 f3 33.e6 Qf6 34.g3 Qe7 35.Rf4 Nh7 36.Rxf8+ Qxf8
37.Qe3 Nf6 38.Qxf3 Qe7 39.Bg2 Rb5 40.Qe3 Rb6 41.h3 Rd6 42.Qe5 Kh8 43.Kh2 a5
44.Nd3  1-0

[Event "Qatar Masters Open 2014"]
[Site "Doha QAT"]
[Date "2014.11.28"]
[Round "3.42"]
[White "Socko,B"]
[Black "Gagare,Shar"]
[Result "1-0"]
[WhiteElo "2614"]
[BlackElo "2411"]

1.d4 d5 2.c4 dxc4 3.e4 Nf6 4.e5 Nd5 5.Bxc4 Nb6 6.Bd3 Nc6 7.Be3 Nb4 8.Be4 f5
9.exf6 exf6 10.Nc3 f5 11.Bb1 N4d5 12.Nf3 Bd6 13.Bg5 Qd7 14.O-O O-O 15.a4 Qf7
16.Nb5 h6 17.a5 Nc4 18.Ba2 Nb4 19.Nxd6 cxd6 20.Bxc4 Qxc4 21.Be7 Re8 22.Bxd6 Nd5
23.Re1 Be6 24.Ne5 Qb5 25.Nd3 Rad8 26.Be5 b6 27.axb6 axb6 28.Ra3 Kh7 29.Qh5 Re7
30.h3 Qe8 31.Qf3 Qf7 32.Rea1 g5 33.Ra8 Rxa8 34.Rxa8 Re8 35.Ra1 Rd8 36.Nc1 f4
37.Ne2 Rg8 38.Nc3 Nxc3 39.bxc3 Rd8 40.Ra6 b5 41.Qc6 Re8 42.d5  1-0

[Event "Qatar Masters Open 2014"]
[Site "Doha QAT"]
[Date "2014.11.29"]
[Round "4.70"]
[White "Guramishvili,S"]
[Black "Mamedjarova,Z"]
[Result "0-1"]
[WhiteElo "2388"]
[BlackElo "2241"]

1.d4 d5 2.c4 dxc4 3.e4 Nc6 4.Nf3 Bg4 5.d5 Ne5 6.Bf4 Ng6 7.Be3 e5 8.Nc3 Nf6
9.Bxc4 Be7 10.Qa4+ Bd7 11.Qb3 O-O 12.Qxb7 Ne8 13.Qb3 Nd6 14.Bd3 f5 15.Qc2 Kh8
16.O-O a5 17.Rac1 Rb8 18.b3 fxe4 19.Nxe4 Rxf3 20.gxf3 Nh4 21.Ng3 Qf8 22.Be2 Bh3
23.Qd1 Ne8 24.Re1 Bb4 25.Rc4 Ng2 26.Rf1 Rd8 27.Re4 Qd6 28.Qa1 Nxe3 29.fxe3 Bxf1
30.Kxf1 Nf6 31.Nf5 Qf8 32.Rxe5 Nd7 33.Nd4 Nxe5 34.Ne6 Qf5 35.Nxd8 Nxf3 36.Ne6 Qh3+
37.Kf2 Be1+ 38.Qxe1 Nxe1 39.Kxe1 Qxe3  0-1

[Event "Overtime CC IM 2014"]
[Site "St Petersburg RUS"]
[Date "2014.11.29"]
[Round "5.3"]
[White "Iljin,T"]
[Black "Manin,V"]
[Result "1-0"]
[WhiteElo "2389"]
[BlackElo "2146"]

1.d4 d5 2.c4 dxc4 3.e4 e5 4.Nf3 exd4 5.Bxc4 Bb4+ 6.Nbd2 Nc6 7.O-O Qf6 8.e5 Qg6
9.Re1 Be6 10.Bxe6 fxe6 11.a3 Bxd2 12.Bxd2 Nge7 13.b4 Nf5 14.Rc1 a6 15.a4 Rc8
16.b5 axb5 17.axb5 Nce7 18.Bb4 Nd5 19.Bc5 Rd8 20.Qd2 d3 21.Rc4 h6 22.h3 Kf7
23.Rg4 Qh7 24.h4 Rd7 25.h5 Rhd8 26.Rg6 Qg8 27.g4 Nfe7 28.Rxe6 Ke8 29.Nd4 Qf7
30.Nf5 b6 31.Ba3 Ra8 32.Rxh6 gxh6 33.e6 Qg8 34.exd7+ Kxd7 35.Qxd3 Rxa3 36.Rxe7+ Kd8
37.Qd4 Kc8 38.Rg7 Qe6 39.Qxd5 Ra1+ 40.Kh2 Rh1+ 41.Qxh1  1-0

[Event "TCh-BEL 2014-15"]
[Site "Belgium BEL"]
[Date "2014.11.30"]
[Round "5.4"]
[White "Wemmers,X"]
[Black "Kegels,P"]
[Result "1-0"]
[WhiteElo "2354"]
[BlackElo "2131"]

1.d4 d5 2.c4 dxc4 3.e4 Nf6 4.e5 Nd5 5.Bxc4 Nb6 6.Bd3 Nc6 7.Ne2 Bg4 8.f3 Be6
9.Nbc3 Bd5 10.Bg5 h6 11.Bh4 g5 12.Bf2 e6 13.Nxd5 Nxd5 14.a3 Qd7 15.Rc1 Nce7
16.h4 Rg8 17.hxg5 hxg5 18.Qd2 O-O-O 19.Rh7 Qe8 20.Ng3 f5 21.exf6 Nxf6 22.Qa5 Kb8
23.Qxc7+ Ka8 24.Bb5 Rc8 25.Bxe8 Rxc7 26.Rxc7 Nxh7 27.Bf7  1-0

[Event "Qatar Masters Open 2014"]
[Site "Doha QAT"]
[Date "2014.11.30"]
[Round "5.38"]
[White "Sandipan,C"]
[Black "Gagare,Shar"]
[Result "1/2-1/2"]
[WhiteElo "2603"]
[BlackElo "2411"]

1.d4 d5 2.c4 dxc4 3.e4 Nf6 4.e5 Nd5 5.Bxc4 Nb6 6.Bd3 Nc6 7.Ne2 Bg4 8.f3 Bh5
9.Nbc3 e6 10.Bb5 Bg6 11.Nf4 Be7 12.O-O O-O 13.Nxg6 hxg6 14.Bxc6 bxc6 15.Be3 Nd5
16.Qd3 Rb8 17.b3 Nxe3 18.Qxe3 Qd7 19.Rac1 Rfd8 20.Rfd1 Rb4 21.Ne4 Rb5 22.Rc4 Rxe5
23.Rdc1 Rd5 24.Rxc6 Ba3 25.R1c4 Bb2 26.Nc3 Bxc3 27.Qxc3 Rxd4 28.Rxd4 Qxd4+
29.Qxd4 Rxd4 30.Ra6 c5 31.Rxa7 c4 32.bxc4 Rxc4 33.a4 g5 34.h3 e5 35.a5 Ra4
36.a6 Ra2 37.Kf1 f6 38.g4 Kh7 39.Ra8 Kg6 40.Ke1 Ra3 41.Ke2 Kf7 42.Ra7+  1/2-1/2

[Event "I Centro Goya Open 2014"]
[Site "Las Palmas ESP"]
[Date "2014.12.02"]
[Round "2.6"]
[White "Lopez Colon,F"]
[Black "Garcia Padron,Jo"]
[Result "0-1"]
[WhiteElo "2006"]
[BlackElo "2410"]

1.d4 d5 2.c4 dxc4 3.e4 e5 4.Nf3 exd4 5.Qxd4 Bd7 6.Bxc4 Nc6 7.Qd3 Bb4+ 8.Nc3 Be6
9.Qxd8+ Nxd8 10.Bb5+ c6 11.Bd3 Nf6 12.Bg5 Nd7 13.a3 Nc5 14.Bc2 Bxc3+ 15.bxc3 Bc4
16.Nd2 Ba6 17.Be3 Nde6 18.Nb3 Na4 19.Nd4 Nxc3 20.Nxe6 fxe6 21.Bd4 Ne2 22.Bxg7 Rg8
23.Be5 Rxg2 24.Bd1 Ng1 25.Bg3 Rd8 26.Bg4 Rd3 27.Bh5+ Kf8 28.Rd1 Nf3+ 29.Bxf3 Rxf3
30.Rd7 h5 31.Rh7 Rxa3 32.Kd2 Rd3+ 33.Kc1 c5 34.Rxh5 b6 35.Rh7 Rd4 36.Rxa7 Bd3
37.e5 b5 38.Kb2 Be4 39.Rha1 b4 40.Rc7 c4 41.Raa7 Rd2+  0-1